| 000 | 00820nam a2200229Ia 4500 | ||
|---|---|---|---|
| 003 | CO-CtgCURN | ||
| 005 | 20250410160415.0 | ||
| 008 | 190723s9999 xx 000 0 und d | ||
| 020 | _a9588051975 | ||
| 040 |
_aCO-CtgCURN _bspa _ccoctgcurn |
||
| 082 |
_a348.57 _bC348s |
||
| 100 | _aCastellanos Valenzuela, Gonzalo | ||
| 245 | 0 |
_aSistema legal de la industria cinematografica en Colombia 2000 / _cGonzalo Castellanos Valenzuela |
|
| 250 | _a1 edición | ||
| 260 |
_aBogotá, Colombia : _bUniversidad Nacional de Colombia, _c2000 |
||
| 300 |
_a263 páginas ; _c24 centímetros |
||
| 521 | _aAREA PROFESIONAL | ||
| 590 | _aPrograma de Derecho_18 | ||
| 650 | _aIndustria cinematografica | ||
| 942 |
_cBK _h348.57 _iC348s _2ddc _n0 |
||
| 999 |
_c29791 _d29791 |
||